000 01100 a2200241 4500
001 145
005 20260407155413.0
008 260407a2006 arg spa d
003 AR-UNSa-BCEJYS
040 _aAR-UNSa-BCEJYS
_bspa
_cAR-UNSa-BCEJYS
080 _a330.8
_xHistoria de las teorías, Doctrinas, Dogmas económicos (pensamiento económico)
245 1 0 _a¿La actual polìtica económica es Keynesiana
_pPremio anual Dr. Manuel Belgrano Año 2003
020 _a978-987-1281-11-4
264 1 _aBuenos Aires :
_bCPCECABA
_c2006
300 _a88 p.
_c22 cm
505 _a1. Introducción - 2. El legado de Keynes - 3. Keynesianos - 4. Política económica argentina actual - 5. Autonomía y discrecionalidad - 6. Conclusiones y sugerencias de polñitica - 7. Bibliografía y refernecias - Anexo 1 y 2
942 _cBK
590 _aniveau_biblio:m niveau_hierar:0
100 1 _aMira Llambí, Pablo Javier
650 _aKEYNES
856 4 1 _uhttps://biblioeco.unsa.edu.ar/pmb/images/libros/La actualidad pol?tica economica es keynesiana.jpg
_yImagen de portada
_qimage/jpeg
650 _a keynes
999 _c114
_d114